000 00958nam a22002537a 4500
005 20170123162337.0
010 _aA-842145
020 _c66.00
035 _aA-842145
037 _bCen Lib/Ret
040 _aDPL
_bUR
082 _a920
_bط ا ه
100 _aطاہر مسعود
_9124651
245 _aیہ صورت اگر کچھ خوابوں کے :
_cطاہر مسعود
_bاحد حاضر کے ١٧ اہم ضبدیوں کے انٹرویو انےخب /
246 _aYe soorat agar kuch khwabon ke : ahad hazir ke 17 aham adbiyon ke interveiw intekhab /
_bby Tahir Masood
260 _aنیی دہلی
_bنیی آواز
_c1992
270 _bنیی دہلی
_aجامہ نگر
_e110025
300 _a240p
_c21cm(Hb)
650 _aادب -- اردو
_9124652
650 _aاردو انٹرویو
_9124653
650 _aLiterature -- Urdu
_9124654
650 _aUrdu interview
_9124655
942 _2ddc
_cUR
_h920
_mط ا ه
999 _c108205
_d108205